[Event "friends"]
[Site "SchemingMind.com"]
[Date "2009.07.10"]
[Round "-"]
[White "Midlander"]
[Black "lemmie"]
[Result "1-0"]
[WhiteCountry "ENG"]
[BlackCountry "NED"]
[WhiteElo "2052"]
[WhiteRD "96"]
[BlackElo "1596"]
[BlackRD "50"]
[GameID "211768"]

1. c4 e5 2. g3 d6 3. Bg2 Nf6 4. Nc3 c6 5. d4 Be6 6. b3 exd4 7. Qxd4 Nbd7 8. e4 Be7 9. Nge2 O-O 10. O-O c5
11. Qd2 Ne5 12. Bb2 a6 13. f4 Nc6 14. Nd5 Nb4 15. Nxb4 Bd7 16. Nd3 Re8 17. e5 dxe5 18. Nxe5 Bc8 19. Qxd8 Rxd8 20. Rad1 Bg4
21. Nxg4 Nxg4 22. Bxb7 Ra7 23. Rxd8+ Bxd8 24. Rd1 Be7 25. Rd7 Kf8 26. Ba3 Nf6 27. Rxe7
1-0

[Event "friends"]
[Site "SchemingMind.com"]
[Date "2009.07.09"]
[Round "-"]
[White "Midlander"]
[Black "Phillip Beckett"]
[Result "1-0"]
[WhiteCountry "ENG"]
[BlackCountry "ENG"]
[WhiteElo "1825"]
[WhiteRD "163"]
[BlackElo "1632"]
[BlackRD "58"]
[GameID "211769"]

1. c4 e5 2. g3 Nf6 3. Bg2 d5 4. cxd5 Nxd5 5. Nf3 Nc6 6. O-O Be6 7. d4 exd4 8. Nxd4 Nxd4 9. Qxd4 c6 10. Nc3 Nxc3
11. Qxc3 Qd7 12. Be3 Bd6 13. Qxg7 O-O-O 14. Bxa7 Rdg8 15. Qc3 Bh3 16. Bxh3 Qxh3 17. Rfd1 Bxg3 18. hxg3 h5 19. Qe5 h4 20. Qb8#
1-0

[Event "friends"]
[Site "SchemingMind.com"]
[Date "2009.07.09"]
[Round "-"]
[White "Midlander"]
[Black "Patrick O'Sullivan"]
[Result "1-0"]
[WhiteCountry "ENG"]
[BlackCountry "IRL"]
[WhiteElo "2052"]
[WhiteRD "96"]
[BlackElo "1949"]
[BlackRD "120"]
[GameID "211770"]

1. c4 c6 2. g3 d5 3. Bg2 Nf6 4. Nf3 dxc4 5. O-O g6 6. Na3 Bg7 7. Nxc4 O-O 8. d3 Nbd7 9. Bd2 Nb6 10. Qc2 Nxc4
11. Qxc4 Be6 12. Qh4 Qb6 13. b3 Ng4 14. Ng5 h5 15. Rac1 Bd7 16. Ne4 Rae8 17. h3 Nf6 18. Nc5 Bc8 19. d4 e5 20. dxe5 Rxe5
21. Qc4 Be6 22. Nxe6 Rxe6 23. e4 Rfe8 24. Rfe1 Nd7 25. Be3 Qa5 26. Red1 Nb6 27. Qe2 Nc8 28. Rd7 R6e7 29. Rcd1 Rxd7 30. Rxd7 Re7
31. Qd1 Bf8 32. Rd8 Rc7 33. Rxf8+ Kxf8 34. Qd8+ Kg7 35. Bh6+ Kxh6 36. Qh8+ Kg5 37. f4#
1-0

[Event "friends"]
[Site "SchemingMind.com"]
[Date "2009.07.10"]
[Round "-"]
[White "Midlander"]
[Black "Jägaren"]
[Result "1-0"]
[WhiteCountry "ENG"]
[BlackCountry "SWE"]
[WhiteElo "2130"]
[WhiteRD "85"]
[BlackElo "2090"]
[BlackRD "111"]
[GameID "211771"]

1. c4 c5 2. g3 Nc6 3. Bg2 g6 4. Nc3 Bg7 5. a3 Nf6 6. Rb1 a5 7. Nh3 O-O 8. Nf4 d6 9. O-O Re8 10. d3 e5
11. Nfd5 Be6 12. Bg5 Bxd5 13. Nxd5 h6 14. Nxf6+ Bxf6 15. Bxh6 Bg7 16. Bxg7 Kxg7 17. e3 Qd7 18. b3 Qf5 19. f4 exf4 20. Rxf4 Qe5
21. Rf3 Qc3 22. Rc1 Qe5 23. Qc2 f5 24. Rcf1 Rh8 25. Qd2 Rae8 26. Rd1 Qe6 27. d4 Qe7 28. Qc3 cxd4 29. exd4 Qg5 30. Rfd3 Re2
31. Re1 Qh5 32. h4 Qg4 33. Rxe2 Qxe2 34. Bxc6 bxc6 35. Re3
1-0

[Event "friends"]
[Site "SchemingMind.com"]
[Date "2009.07.09"]
[Round "-"]
[White "Midlander"]
[Black "chessman"]
[Result "1-0"]
[WhiteCountry "ENG"]
[BlackCountry "MEX"]
[WhiteElo "1825"]
[WhiteRD "163"]
[BlackElo "1335"]
[BlackRD "276"]
[GameID "211772"]

1. c4 c6 2. g3 d5 3. Bg2 Nf6 4. Nf3 dxc4 5. O-O Nd5 6. Na3 Nb6 7. Qc2 Be6 8. Ng5 Qd7 9. Rd1 f6 10. Nxe6 Qxe6
11. d3 cxd3 12. Qxd3 N8d7 13. b4 Ne5 14. Qe4 Qc8 15. b5 Nd5 16. Bb2 Ng6 17. Rac1 e6 18. Rxd5
1-0

[Event "friends"]
[Site "SchemingMind.com"]
[Date "2009.07.10"]
[Round "-"]
[White "fervac"]
[Black "Midlander"]
[Result "0-1"]
[WhiteCountry "NCA"]
[BlackCountry "ENG"]
[WhiteElo "1940"]
[WhiteRD "75"]
[BlackElo "2052"]
[BlackRD "96"]
[GameID "211774"]

1. d4 e6 2. c4 f5 3. Nc3 Nf6 4. Nf3 Bb4 5. Bg5 O-O 6. g3 h6 7. Bxf6 Qxf6 8. Bg2 d6 9. O-O Bxc3 10. bxc3 Nc6
11. Rb1 e5 12. d5 Nb8 13. Qc2 Na6 14. Nd2 b6 15. f4 e4 16. Nb3 Bd7 17. Nd4 Nc5 18. Nb3 Na4 19. Rfc1 c6 20. Qd2 Rac8
21. Qd4 Qxd4+ 22. cxd4 cxd5 23. cxd5 Nc3 24. Rb2 Nxd5 25. Rbc2 Rxc2 26. Rxc2 Rc8 27. Rd2 a5 28. Rb2 a4 29. Nd2 Rc1+ 30. Nf1 a3
31. Rb3 Rc3 32. Nd2 Rxb3 33. Nxb3 Nc3 34. Nc1 Be6 35. Kf2 Nxa2
0-1

[Event "friends"]
[Site "SchemingMind.com"]
[Date "2009.07.10"]
[Round "-"]
[White "lemmie"]
[Black "Midlander"]
[Result "0-1"]
[WhiteCountry "NED"]
[BlackCountry "ENG"]
[WhiteElo "1596"]
[WhiteRD "50"]
[BlackElo "2052"]
[BlackRD "96"]
[GameID "211775"]

1. e4 e6 2. d4 d5 3. Nc3 Bb4 4. e5 c5 5. a3 Bxc3+ 6. bxc3 Ne7 7. Nf3 Nbc6 8. Bb5 Qa5 9. Bxc6+ bxc6 10. Bd2 Ba6
11. c4 Qa4 12. cxd5 Nxd5 13. dxc5 Qe4+ 14. Be3 Nxe3 15. Qd4 Nxc2+
0-1

[Event "friends"]
[Site "SchemingMind.com"]
[Date "2009.07.09"]
[Round "-"]
[White "Phillip Beckett"]
[Black "Midlander"]
[Result "0-1"]
[WhiteCountry "ENG"]
[BlackCountry "ENG"]
[WhiteElo "1632"]
[WhiteRD "58"]
[BlackElo "1825"]
[BlackRD "163"]
[GameID "211776"]

1. d4 e6 2. e3 f5 3. Bd3 Nf6 4. f4 Be7 5. Nf3 O-O 6. O-O b6 7. Nbd2 Bb7 8. Ne5 c5 9. c3 Nc6 10. Ndf3 d6
11. Nxc6 Bxc6 12. Bc4 Qd7 13. Qb3 d5 14. Be2 Ba4 15. Qa3 cxd4 16. b4 dxc3 17. Qxc3 Rfc8 18. Qb2 Rc2
0-1

[Event "friends"]
[Site "SchemingMind.com"]
[Date "2009.07.09"]
[Round "-"]
[White "Patrick O'Sullivan"]
[Black "Midlander"]
[Result "0-1"]
[WhiteCountry "IRL"]
[BlackCountry "ENG"]
[WhiteElo "1949"]
[WhiteRD "120"]
[BlackElo "2052"]
[BlackRD "96"]
[GameID "211777"]

1. e4 e6 2. d4 d5 3. Nc3 Bb4 4. exd5 exd5 5. Bd3 Nc6 6. a3 Bxc3+ 7. bxc3 Be6 8. Ne2 Qd7 9. Ng3 Nge7 10. Rb1 O-O-O
11. Qe2 Rde8 12. Be3 Nf5 13. Nxf5 Bxf5 14. Bb5 Qd6 15. O-O Re7 16. a4 a6 17. Bd3 Qg6 18. h3 Rhe8 19. Rb2 Be4 20. Qg4+ Qxg4
21. hxg4 Na5 22. Rfb1 Nc4 23. Bxc4 dxc4 24. Rb4 Bxc2 25. R1b2 Bb3 26. a5 Rd8 27. Rb1 Rd5 28. Ra1 b6 29. axb6 a5 30. b7+ Kb8
31. Rxb3 cxb3 32. c4 Rd6 33. d5 Ra6 34. c5 Kxb7 35. c6+ Kc8 36. Bf4 a4
0-1

[Event "friends"]
[Site "SchemingMind.com"]
[Date "2009.07.10"]
[Round "-"]
[White "Jägaren"]
[Black "Midlander"]
[Result "1/2-1/2"]
[WhiteCountry "SWE"]
[BlackCountry "ENG"]
[WhiteElo "2090"]
[WhiteRD "131"]
[BlackElo "2052"]
[BlackRD "96"]
[GameID "211778"]

1. e4 e6 2. d4 d5 3. Nc3 Bb4 4. e5 c5 5. a3 Bxc3+ 6. bxc3 Ne7 7. Qg4 O-O 8. Bd3 Nbc6 9. Qh5 Ng6 10. Nf3 Qc7
11. Be3 c4 12. Bxg6 fxg6 13. Qg4 Bd7 14. h4 Rf5 15. h5 gxh5 16. Rxh5 Rxh5 17. Qxh5 Be8 18. Qg4 Nd8 19. Kd2 Qd7 20. Bg5 Bg6
21. Nh4 Qf7 22. Qf4 Nc6 23. Qxf7+=
1/2-1/2

[Event "friends"]
[Site "SchemingMind.com"]
[Date "2009.07.09"]
[Round "-"]
[White "chessman"]
[Black "Midlander"]
[Result "0-1"]
[WhiteCountry "MEX"]
[BlackCountry "ENG"]
[WhiteElo "1178"]
[WhiteRD "152"]
[BlackElo "2130"]
[BlackRD "85"]
[GameID "211779"]

1. d4 e6 2. g3 f5 3. Bg2 Nf6 4. Bg5 Be7 5. c4 O-O 6. Nc3 c6 7. Nh3 d6 8. O-O e5 9. dxe5 dxe5 10. Qc2 Qe8
11. Rfd1 Qh5 12. Bxf6 Rxf6 13. Kf1 f4 14. Ng1 Qxh2 15. Nf3 Qh5 16. Ne4 Rf8 17. c5 Be6 18. gxf4 Rxf4 19. Ng3 Qg4 20. Kg1 Nd7
21. Qc3 Rc4 22. Nxe5 Rxc3 23. Nxg4 Rxg3 24. fxg3 Bxg4 25. Bf3 Bxc5+ 26. Kg2 Be6 27. b3 Rf8 28. Rf1 Ne5 29. Be4 Rxf1 30. Rxf1 Ng4
0-1

[Event "friends"]
[Site "SchemingMind.com"]
[Date "2009.07.10"]
[Round "-"]
[White "wom_bat"]
[Black "fervac"]
[Result "0-1"]
[WhiteCountry "GER"]
[BlackCountry "NCA"]
[WhiteElo "1623"]
[WhiteRD "87"]
[BlackElo "1965"]
[BlackRD "78"]
[GameID "211781"]

1. c4 Nf6 2. d4 c5 3. Nf3 cxd4 4. Nxd4 d6 5. Nc3 g6 6. e3 Bg7 7. Be2 O-O 8. O-O Nc6 9. Nxc6 bxc6 10. b3 Ne4
11. Bb2 Nxc3
0-1

[Event "friends"]
[Site "SchemingMind.com"]
[Date "2009.07.10"]
[Round "-"]
[White "wom_bat"]
[Black "lemmie"]
[Result "0-1"]
[WhiteCountry "GER"]
[BlackCountry "NED"]
[WhiteElo "1631"]
[WhiteRD "87"]
[BlackElo "1621"]
[BlackRD "53"]
[GameID "211782"]

1. c4 e5 2. Nc3 Nf6 3. d4 exd4 4. Qxd4 Nc6 5. Qd1 Bb4 6. Qc2 d6 7. Bg5 h6 8. Bh4 O-O 9. Nf3 Qe7 10. e3 Ne5
11. Be2 a6 12. O-O-O Qe6 13. Nxe5 Qxe5 14. Bxf6 Qxf6 15. Nd5 Qxf2 16. Nxb4 Qxe3+ 17. Kb1 c6 18. Rxd6 Qc5 19. Qd2 Bf5+ 20. Ka1 Rae8
21. Re1 Bg4 22. Bxg4 Rxe1+ 23. Qxe1 Qxd6 24. g3 Rd8 25. a3 Qd4 26. Bf3 c5
0-1

[Event "friends"]
[Site "SchemingMind.com"]
[Date "2009.07.09"]
[Round "-"]
[White "wom_bat"]
[Black "Phillip Beckett"]
[Result "0-1"]
[WhiteCountry "GER"]
[BlackCountry "ENG"]
[WhiteElo "1673"]
[WhiteRD "85"]
[BlackElo "1632"]
[BlackRD "58"]
[GameID "211783"]

1. e4 e6 2. d4 d5 3. Nc3 dxe4 4. Nxe4 Be7 5. Nf3 Nf6 6. Bd3 Nbd7 7. O-O Nxe4 8. Bxe4 Nf6 9. Re1 Nxe4 10. Rxe4 c5
11. Rg4 Bf6 12. c3 cxd4 13. Nxd4 O-O 14. Bh6 e5 15. Bxg7 Bxg7
0-1

[Event "friends"]
[Site "SchemingMind.com"]
[Date "2009.07.09"]
[Round "-"]
[White "wom_bat"]
[Black "Midlander"]
[Result "0-1"]
[WhiteCountry "GER"]
[BlackCountry "ENG"]
[WhiteElo "1645"]
[WhiteRD "88"]
[BlackElo "2052"]
[BlackRD "96"]
[GameID "211784"]

1. d4 e6 2. e4 d5 3. e5 c5 4. c3 Nc6 5. Nf3 Bd7 6. Bb5 Nxe5 7. Bxd7+ Nxd7 8. Bf4 Ngf6 9. Nbd2 Be7 10. O-O O-O
11. Re1 Qb6 12. b3 Rac8 13. Be3 cxd4 14. Bxd4 Bc5 15. Rc1 Qa6 16. Bxc5 Nxc5 17. Qc2 Nd3
0-1

[Event "friends"]
[Site "SchemingMind.com"]
[Date "2009.07.09"]
[Round "-"]
[White "wom_bat"]
[Black "Patrick O'Sullivan"]
[Result "0-1"]
[WhiteCountry "GER"]
[BlackCountry "IRL"]
[WhiteElo "1673"]
[WhiteRD "85"]
[BlackElo "1950"]
[BlackRD "176"]
[GameID "211785"]

1. c4 c6 2. Nc3 d5 3. b3 d4 4. Ne4 f5 5. Ng3 e5 6. d3 Nf6 7. a3 c5 8. e3 Nc6 9. Qf3 f4 10. exf4 Bg4
0-1

[Event "friends"]
[Site "SchemingMind.com"]
[Date "2009.07.10"]
[Round "-"]
[White "wom_bat"]
[Black "Jägaren"]
[Result "0-1"]
[WhiteCountry "GER"]
[BlackCountry "SWE"]
[WhiteElo "1623"]
[WhiteRD "87"]
[BlackElo "2090"]
[BlackRD "111"]
[GameID "211786"]

1. e4 c5 2. Nf3 Nc6 3. Bb5 d6 4. d4 cxd4 5. Nxd4 Bd7 6. Nc3 Nf6 7. a4 g6 8. O-O Bg7 9. Re1 O-O 10. Bg5 a6
11. Bc4 Na5 12. Bd5 e6 13. Ba2 Qb6 14. Rb1 Rfc8 15. Qd3 Ng4 16. Be3 Nxe3 17. Rxe3 Bxd4
0-1

[Event "friends"]
[Site "SchemingMind.com"]
[Date "2009.07.13"]
[Round "-"]
[White "lemmie"]
[Black "wom_bat"]
[Result "1-0"]
[WhiteCountry "NED"]
[BlackCountry "GER"]
[WhiteElo "1628"]
[WhiteRD "54"]
[BlackElo "1623"]
[BlackRD "87"]
[GameID "211790"]

1. e4 e5 2. Nf3 Nf6 3. Nc3 Nc6 4. Bc4 Bb4 5. Nd5 d6 6. c3 Bc5 7. Nxf6+ Qxf6 8. d3 Bg4 9. Bg5 Bxf3 10. Qxf3 Qxf3
11. gxf3 O-O 12. Rg1 Kh8 13. Ke2 f6 14. Be3 Rad8 15. Rg3 f5 16. exf5 Rxf5 17. Rag1 Ne7 18. Rxg7
1-0

[Event "friends"]
[Site "SchemingMind.com"]
[Date "2009.07.09"]
[Round "-"]
[White "Phillip Beckett"]
[Black "wom_bat"]
[Result "1-0"]
[WhiteCountry "ENG"]
[BlackCountry "GER"]
[WhiteElo "1632"]
[WhiteRD "58"]
[BlackElo "1673"]
[BlackRD "85"]
[GameID "211791"]

1. d4 d5 2. e3 Bf5 3. c4 c6 4. Qb3 b6 5. cxd5 cxd5 6. Bb5+ Bd7 7. Qxd5 Bxb5 8. Qxb5+ Qd7 9. Nc3 Nf6 10. Bd2 e6
11. Nf3 Be7 12. Ne5 Qxb5 13. Nxb5 Bd8 14. Rc1 O-O 15. O-O a6 16. Nc3 Nbd7 17. Nxd7 Nxd7 18. Ne4 Be7 19. Rc7 Rfd8 20. Rfc1 Kf8
21. R1c6
1-0

[Event "friends"]
[Site "SchemingMind.com"]
[Date "2009.07.09"]
[Round "-"]
[White "Midlander"]
[Black "wom_bat"]
[Result "1-0"]
[WhiteCountry "ENG"]
[BlackCountry "GER"]
[WhiteElo "2130"]
[WhiteRD "85"]
[BlackElo "1623"]
[BlackRD "87"]
[GameID "211792"]

1. c4 e5 2. g3 Nf6 3. Bg2 Bc5 4. Nc3 O-O 5. e3 Nc6 6. a3 a5 7. Nge2 d6 8. d4 exd4 9. exd4 Ba7 10. O-O Re8
11. h3 Bf5 12. Be3 Be4 13. Nxe4 Nxe4 14. Qd3 f5 15. Nc3 Nxc3 16. bxc3 Qd7 17. Rab1 Rab8 18. Rb5
1-0

[Event "friends"]
[Site "SchemingMind.com"]
[Date "2009.07.10"]
[Round "-"]
[White "Orome"]
[Black "fervac"]
[Result "0-1"]
[WhiteCountry "SUI"]
[BlackCountry "NCA"]
[WhiteElo "1525"]
[WhiteRD "103"]
[BlackElo "1965"]
[BlackRD "78"]
[GameID "211799"]

1. e4 c5 2. Nf3 d6 3. d4 cxd4 4. Nxd4 Nf6 5. Nc3 g6 6. Be3 Bg7 7. f3 O-O 8. Qd2 Nc6 9. O-O-O Bd7 10. Bc4 Rc8
11. Bb3 Ne5
0-1

[Event "friends"]
[Site "SchemingMind.com"]
[Date "2009.07.09"]
[Round "-"]
[White "Orome"]
[Black "Phillip Beckett"]
[Result "0-1"]
[WhiteCountry "SUI"]
[BlackCountry "ENG"]
[WhiteElo "1525"]
[WhiteRD "103"]
[BlackElo "1643"]
[BlackRD "65"]
[GameID "211801"]

1. e4 e6 2. d4 d5 3. Nc3 dxe4 4. Nxe4 Be7 5. Nf3 Nf6 6. Bd3 Nbd7 7. Qe2 Nxe4 8. Qxe4 Nf6 9. Qe2 O-O 10. Bg5 Nd5
11. Qe4 g6 12. h4 Nf6
0-1

[Event "friends"]
[Site "SchemingMind.com"]
[Date "2009.07.09"]
[Round "-"]
[White "Orome"]
[Black "Midlander"]
[Result "0-1"]
[WhiteCountry "SUI"]
[BlackCountry "ENG"]
[WhiteElo "1501"]
[WhiteRD "98"]
[BlackElo "2175"]
[BlackRD "74"]
[GameID "211802"]

1. e4 e6 2. d4 d5 3. Nc3 Bb4 4. e5 c5 5. a3 Bxc3+ 6. bxc3 Ne7 7. Qg4 O-O 8. Bd3 f5 9. exf6 Rxf6 10. Bg5 Rf7
11. Qh5 g6 12. Qh4 Qa5 13. Bxe7 Qxc3+ 14. Ke2 Qxa1 15. Nf3 Qxh1 16. Ne5 Nd7 17. Nxf7 Qxg2 18. Qf4 c4 19. Nh6+ Kg7 20. Bg5 cxd3+
21. cxd3 Qxg5 22. Qxg5 Nf6 23. Qe5 Bd7 24. Ng4 Rf8 25. Nxf6 Rxf6 26. Qc7 Rf7 27. Qxb7 a5
0-1

[Event "friends"]
[Site "SchemingMind.com"]
[Date "2009.07.09"]
[Round "-"]
[White "Orome"]
[Black "Patrick O'Sullivan"]
[Result "0-1"]
[WhiteCountry "SUI"]
[BlackCountry "IRL"]
[WhiteElo "1525"]
[WhiteRD "103"]
[BlackElo "1996"]
[BlackRD "104"]
[GameID "211803"]

1. e4 e5 2. Nf3 Nc6 3. Bb5 a6 4. Ba4 Nf6 5. O-O Be7 6. Re1 b5 7. Bb3 O-O 8. c3 d5 9. exd5 Nxd5 10. Nxe5 Nxe5
11. Rxe5 Nf6 12. d4 Bd6 13. Re2 Bxh2+ 14. Kxh2 Ng4+ 15. Kg1 Qd6 16. g3 Bb7 17. Bf4 Qg6
0-1

[Event "friends"]
[Site "SchemingMind.com"]
[Date "2009.07.09"]
[Round "-"]
[White "Phillip Beckett"]
[Black "Orome"]
[Result "1-0"]
[WhiteCountry "ENG"]
[BlackCountry "SUI"]
[WhiteElo "1643"]
[WhiteRD "65"]
[BlackElo "1525"]
[BlackRD "103"]
[GameID "211810"]

1. d4 Nf6 2. e3 g6 3. f4 Bg7 4. Nf3 O-O 5. Bd3 d6 6. O-O Nbd7 7. c3 e6 8. Nbd2 c5 9. e4 d5 10. e5 Nh5
11. Ng5 Bh6 12. Ndf3
1-0

[Event "friends"]
[Site "SchemingMind.com"]
[Date "2009.07.09"]
[Round "-"]
[White "Midlander"]
[Black "Orome"]
[Result "1-0"]
[WhiteCountry "ENG"]
[BlackCountry "SUI"]
[WhiteElo "2130"]
[WhiteRD "85"]
[BlackElo "1525"]
[BlackRD "103"]
[GameID "211811"]

1. c4 Nf6 2. g3 g6 3. Bg2 Bg7 4. Nc3 O-O 5. d3 c5 6. a3 Nc6 7. Rb1 b6 8. b4 cxb4 9. axb4 Bb7 10. e4 d6
11. Nge2 e5 12. O-O
1-0

[Event "friends"]
[Site "SchemingMind.com"]
[Date "2009.07.09"]
[Round "-"]
[White "Patrick O'Sullivan"]
[Black "Orome"]
[Result "1-0"]
[WhiteCountry "IRL"]
[BlackCountry "SUI"]
[WhiteElo "1996"]
[WhiteRD "104"]
[BlackElo "1525"]
[BlackRD "103"]
[GameID "211812"]

1. e4 c5 2. Nc3 Nc6 3. f4 g6 4. Nf3 Bg7 5. g3 d6 6. Bg2 e6 7. O-O Nge7 8. d3 O-O 9. Ne2 Rb8 10. c3 b5
11. Be3 b4 12. d4 bxc3 13. bxc3 cxd4 14. cxd4 d5 15. e5 Ba6 16. Qd2 Na5 17. Rfb1
1-0